[Event "Deutsche Ländermeisterschaft 2021"]
[Site "Neumünster GER"]
[Date "2021.10.05"]
[Round "6"]
[White "Guo, Philipp Ziming"]
[Black "Payyappat, Sreyas"]
[Result "1/2-1/2"]
[Termination "normal"]
[Board "4.4"]
[WhiteElo "1760"]
[BlackElo "2244"]
[WhiteClock "00:41:38"]
[BlackClock "00:14:00"]
[WhiteTeam "Schleswig-Holstein"]
[BlackTeam "Niedersachsen"]
[PlyCount "63"]
[WhiteFideId "16245199"]
[BlackFideId "46674969"]
[EventCountry "GER"]
[EventRounds "7"]
[EventType "team-swiss"]
[EventDate "2021.10.01"]

1. e4 {[%clk 1:30:57]} c6 {[%clk 1:30:54]} 2. d4 {[%clk 1:31:17]} d5 {[%clk
1:31:21]} 3. Nc3 {[%clk 1:31:37]} dxe4 {[%clk 1:31:38]} 4. Nxe4 {[%clk
1:31:51]} Nf6 {[%clk 1:32:04]} 5. Nxf6+ {[%clk 1:32:07]} exf6 {[%clk 1:32:30]}
6. c3 {[%clk 1:32:26]} Bd6 {[%clk 1:32:56]} 7. Bd3 {[%clk 1:32:48]} O-O {[%clk
1:33:22]} 8. Qc2 {[%clk 1:32:50]} Re8+ {[%clk 1:33:49]} 9. Ne2 {[%clk 1:33:10]}
h5 {[%clk 1:34:17]} 10. O-O {[%clk 1:33:22]} h4 {[%clk 1:34:45]} 11. Nf4 {[%clk
1:33:25]} Qc7 {[%clk 1:23:34]} 12. g3 {[%clk 1:33:29]} Nd7 {[%clk 1:18:00]} 13.
Qd1 {[%clk 1:33:14]} Nf8 {[%clk 1:14:13]} 14. Qh5 {[%clk 1:32:35]} Qd7 {[%clk
1:05:46]} 15. Bd2 {[%clk 1:29:50]} Qg4 {[%clk 0:52:07]} 16. Qxg4 {[%clk
1:27:05]} Bxg4 {[%clk 0:52:20]} 17. f3 {[%clk 1:26:58]} Bd7 {[%clk 0:51:11]}
18. Kf2 {[%clk 1:19:47]} c5 {[%clk 0:47:45]} 19. Be4 {[%clk 1:09:36]} cxd4
{[%clk 0:45:03]} 20. cxd4 {[%clk 1:09:56]} Rad8 {[%clk 0:43:08]} 21. b3 {[%clk
1:04:26]} Bc6 {[%clk 0:39:40]} 22. Bxc6 {[%clk 1:01:52]} bxc6 {[%clk 0:39:56]}
23. Rfd1 {[%clk 0:56:01]} Bc7 {[%clk 0:29:50]} 24. Be3 {[%clk 0:53:46]} hxg3+
{[%clk 0:27:32]} 25. hxg3 {[%clk 0:54:02]} Bb6 {[%clk 0:27:17]} 26. Rac1 {[%clk
0:52:16]} Rd6 {[%clk 0:26:23]} 27. Rc4 {[%clk 0:49:03]} Red8 {[%clk 0:23:52]}
28. b4 {[%clk 0:46:49]} Ne6 {[%clk 0:22:06]} 29. Ne2 {[%clk 0:44:58]} Kf8
{[%clk 0:20:21]} 30. Rd2 {[%clk 0:44:13]} Ke7 {[%clk 0:20:02]} 31. a3 {[%clk
0:43:16]} a6 {[%clk 0:14:00]} 32. Rdc2 {[%clk 0:41:38]} 1/2-1/2

[Event "Deutsche Ländermeisterschaft 2021"]
[Site "Neumünster GER"]
[Date "2021.10.05"]
[Round "6"]
[White "Nizamova, Rita"]
[Black "Falke, Ornella"]
[Result "0-1"]
[Termination "normal"]
[Board "4.5"]
[WhiteElo "1715"]
[BlackElo "1655"]
[WhiteClock "00:02:39"]
[BlackClock "00:01:47"]
[WhiteTeam "Niedersachsen"]
[BlackTeam "Schleswig-Holstein"]
[PlyCount "88"]
[WhiteFideId "16221940"]
[BlackFideId "16207092"]
[EventCountry "GER"]
[EventRounds "7"]
[EventType "team-swiss"]
[EventDate "2021.10.01"]

1. e4 {[%clk 1:30:59]} d5 {[%clk 1:30:52]} 2. exd5 {[%clk 1:31:21]} Qxd5 {[%clk
1:31:12]} 3. Nc3 {[%clk 1:31:44]} Qa5 {[%clk 1:31:30]} 4. b4 {[%clk 1:32:10]}
Qxb4 {[%clk 1:31:43]} 5. Rb1 {[%clk 1:32:35]} Qd6 {[%clk 1:31:58]} 6. Qf3
{[%clk 1:33:01]} c6 {[%clk 1:23:59]} 7. Bc4 {[%clk 1:31:20]} e6 {[%clk
1:22:46]} 8. Nge2 {[%clk 1:31:11]} Nf6 {[%clk 1:21:06]} 9. O-O {[%clk 1:31:13]}
Qc7 {[%clk 1:16:16]} 10. d3 {[%clk 1:28:49]} Bd6 {[%clk 1:14:28]} 11. h3 {[%clk
1:28:40]} Nbd7 {[%clk 1:14:12]} 12. d4 {[%clk 1:20:40]} O-O {[%clk 1:13:39]}
13. Bb3 {[%clk 1:17:24]} b6 {[%clk 1:02:03]} 14. Ng3 {[%clk 0:54:39]} Bb7
{[%clk 1:01:01]} 15. Qd3 {[%clk 0:54:46]} Rad8 {[%clk 0:46:46]} 16. Nge4 {[%clk
0:51:23]} Nxe4 {[%clk 0:46:31]} 17. Nxe4 {[%clk 0:51:50]} c5 {[%clk 0:44:55]}
18. Bg5 {[%clk 0:41:34]} Rc8 {[%clk 0:42:35]} 19. Nxd6 {[%clk 0:38:26]} Qxd6
{[%clk 0:42:50]} 20. dxc5 {[%clk 0:25:25]} Qxd3 {[%clk 0:42:50]} 21. cxd3
{[%clk 0:25:54]} Nxc5 {[%clk 0:43:06]} 22. d4 {[%clk 0:25:21]} Ne4 {[%clk
0:33:16]} 23. Be3 {[%clk 0:25:12]} Nc3 {[%clk 0:32:57]} 24. Rb2 {[%clk
0:24:53]} Bd5 {[%clk 0:31:25]} 25. Bc2 {[%clk 0:21:25]} Rc7 {[%clk 0:27:17]}
26. a3 {[%clk 0:20:38]} Bc4 {[%clk 0:26:15]} 27. Ra1 {[%clk 0:20:01]} Rd8
{[%clk 0:26:08]} 28. Kh2 {[%clk 0:18:35]} Nb5 {[%clk 0:20:23]} 29. Bf4 {[%clk
0:18:50]} Rcc8 {[%clk 0:18:42]} 30. a4 {[%clk 0:11:36]} Nxd4 {[%clk 0:18:44]}
31. a5 {[%clk 0:11:54]} Nxc2 {[%clk 0:14:29]} 32. Rxc2 {[%clk 0:12:16]} b5
{[%clk 0:12:20]} 33. a6 {[%clk 0:12:30]} Kf8 {[%clk 0:06:53]} 34. Be3 {[%clk
0:12:39]} Rd7 {[%clk 0:07:18]} 35. Rb1 {[%clk 0:12:46]} Rc6 {[%clk 0:07:21]}
36. Rxc4 {[%clk 0:07:38]} bxc4 {[%clk 0:04:32]} 37. Rb7 Rcc7 {[%clk 0:04:11]}
38. Bc5+ {[%clk 0:07:47]} Ke8 {[%clk 0:04:19]} 39. Rb8+ {[%clk 0:04:40]} Rd8
{[%clk 0:04:41]} 40. Rb5 {[%clk 0:04:42]} c3 {[%clk 0:03:49]} 41. Be3 {[%clk
0:04:33]} c2 {[%clk 0:03:49]} 42. Bc1 {[%clk 0:02:59]} Rc6 {[%clk 0:03:10]} 43.
Rb2 {[%clk 0:03:05]} Rdc8 {[%clk 0:02:03]} 44. Ra2 {[%clk 0:02:39]} Rb8 {[%clk
0:01:47]} 0-1

[Event "Deutsche Ländermeisterschaft 2021"]
[Site "Neumünster GER"]
[Date "2021.10.05"]
[Round "6"]
[White "Malinowsky, Levi"]
[Black "Sauer, Tim"]
[Result "0-1"]
[Termination "normal"]
[Board "4.6"]
[WhiteElo "1775"]
[BlackElo "1703"]
[WhiteClock "00:23:25"]
[BlackClock "00:02:33"]
[WhiteTeam "Schleswig-Holstein"]
[BlackTeam "Niedersachsen"]
[PlyCount "56"]
[WhiteFideId "16253094"]
[BlackFideId "16265726"]
[EventCountry "GER"]
[EventRounds "7"]
[EventType "team-swiss"]
[EventDate "2021.10.01"]

1. Nf3 {[%clk 1:30:53]} Nc6 {[%clk 1:30:10]} 2. e4 {[%clk 1:30:14]} f5 {[%clk
1:30:26]} 3. e5 {[%clk 1:28:58]} d6 {[%clk 1:30:36]} 4. exd6 {[%clk 1:24:46]}
e5 {[%clk 1:30:43]} 5. Bb5 {[%clk 1:21:42]} Bxd6 {[%clk 1:22:22]} 6. d4 {[%clk
1:16:58]} e4 {[%clk 0:53:12]} 7. d5 {[%clk 1:04:42]} a6 {[%clk 0:51:08]} 8.
dxc6 {[%clk 1:00:41]} axb5 {[%clk 0:50:16]} 9. Nd4 {[%clk 0:56:24]} bxc6 {[%clk
0:46:09]} 10. Nxc6 {[%clk 0:52:31]} Qd7 {[%clk 0:40:34]} 11. Nd4 {[%clk
0:50:26]} Be5 {[%clk 0:30:04]} 12. Ne2 {[%clk 0:43:03]} Qc6 {[%clk 0:28:01]}
13. O-O {[%clk 0:41:07]} Bb7 {[%clk 0:26:59]} 14. Nf4 {[%clk 0:35:14]} e3
{[%clk 0:25:29]} 15. fxe3 {[%clk 0:32:54]} Bxf4 {[%clk 0:23:09]} 16. Qe2 {[%clk
0:31:51]} Bd6 {[%clk 0:16:24]} 17. Rxf5 {[%clk 0:30:36]} Ne7 {[%clk 0:16:03]}
18. Rf1 {[%clk 0:30:46]} b4 {[%clk 0:14:33]} 19. Rf2 {[%clk 0:28:25]} O-O-O
{[%clk 0:09:03]} 20. a3 {[%clk 0:27:47]} Rhf8 {[%clk 0:05:29]} 21. axb4 {[%clk
0:27:11]} Rxf2 {[%clk 0:05:22]} 22. Qxf2 {[%clk 0:27:21]} Bxh2+ {[%clk
0:04:27]} 23. Kxh2 {[%clk 0:25:25]} Qh6+ {[%clk 0:04:50]} 24. Kg3 {[%clk
0:25:01]} Qg5+ {[%clk 0:04:20]} 25. Kh2 {[%clk 0:24:16]} Qh5+ {[%clk 0:04:38]}
26. Kg3 {[%clk 0:24:09]} Nf5+ {[%clk 0:03:42]} 27. Kf4 {[%clk 0:24:05]} g5+
{[%clk 0:03:32]} 28. Ke5 {[%clk 0:23:25]} Rd5+ {[%clk 0:02:33]} 0-1

[Event "Deutsche Ländermeisterschaft 2021"]
[Site "Neumünster GER"]
[Date "2021.10.05"]
[Round "6"]
[White "Zöllner, Bente"]
[Black "Bräutigam, Katerina"]
[Result "0-1"]
[Termination "normal"]
[Board "4.7"]
[WhiteElo "1596"]
[BlackElo "1734"]
[WhiteClock "00:02:39"]
[BlackClock "00:02:07"]
[WhiteTeam "Niedersachsen"]
[BlackTeam "Schleswig-Holstein"]
[PlyCount "146"]
[WhiteFideId "16230523"]
[BlackFideId "16242980"]
[EventCountry "GER"]
[EventRounds "7"]
[EventType "team-swiss"]
[EventDate "2021.10.01"]

1. d4 {[%clk 1:30:55]} Nf6 {[%clk 1:30:56]} 2. c4 {[%clk 1:31:15]} g6 {[%clk
1:31:22]} 3. Nc3 {[%clk 1:31:34]} Bg7 {[%clk 1:31:47]} 4. e4 {[%clk 1:31:53]}
d6 {[%clk 1:32:11]} 5. Nf3 {[%clk 1:32:11]} O-O {[%clk 1:32:32]} 6. h3 {[%clk
1:32:33]} Nbd7 {[%clk 1:32:11]} 7. Be3 {[%clk 1:32:37]} a6 {[%clk 1:31:39]} 8.
g4 {[%clk 1:25:42]} c5 {[%clk 1:19:04]} 9. d5 {[%clk 1:25:31]} b5 {[%clk
1:12:12]} 10. cxb5 {[%clk 1:23:01]} Qa5 {[%clk 1:11:44]} 11. Bd2 {[%clk
1:18:58]} axb5 {[%clk 1:04:11]} 12. Nxb5 {[%clk 1:14:29]} Qb6 {[%clk 1:03:31]}
13. Qc2 {[%clk 1:11:34]} Ba6 {[%clk 0:58:15]} 14. a4 {[%clk 1:08:25]} Rfb8
{[%clk 0:56:09]} 15. Be2 {[%clk 1:02:34]} Ne8 {[%clk 0:47:27]} 16. O-O {[%clk
0:58:20]} Nc7 {[%clk 0:42:42]} 17. Nxc7 {[%clk 0:55:53]} Qxc7 {[%clk 0:40:12]}
18. Bxa6 {[%clk 0:55:15]} Rxa6 {[%clk 0:37:31]} 19. Bc3 {[%clk 0:53:25]} Qa7
{[%clk 0:30:07]} 20. Bxg7 {[%clk 0:49:15]} Kxg7 {[%clk 0:30:24]} 21. b3 {[%clk
0:46:52]} Rab6 {[%clk 0:22:42]} 22. Rab1 {[%clk 0:44:30]} f6 {[%clk 0:18:57]}
23. Nd2 {[%clk 0:42:50]} g5 {[%clk 0:14:49]} 24. Nc4 {[%clk 0:41:29]} Rb4
{[%clk 0:14:15]} 25. Rb2 {[%clk 0:37:46]} Ne5 {[%clk 0:12:16]} 26. Nxe5 {[%clk
0:36:29]} fxe5 {[%clk 0:12:09]} 27. Kg2 {[%clk 0:34:16]} Qb7 {[%clk 0:09:59]}
28. Rfb1 {[%clk 0:32:43]} h6 {[%clk 0:04:04]} 29. f3 {[%clk 0:29:31]} Kf7
{[%clk 0:02:07]} 30. Ra1 {[%clk 0:19:13]} Rxb3 {[%clk 0:01:39]} 31. Qxb3 {[%clk
0:18:38]} Qxb3 {[%clk 0:01:54]} 32. Rxb3 {[%clk 0:19:02]} Rxb3 {[%clk 0:02:19]}
33. a5 {[%clk 0:19:19]} Ke8 {[%clk 0:01:56]} 34. a6 {[%clk 0:19:11]} Rb8 {[%clk
0:00:37]} 35. h4 {[%clk 0:16:50]} Ra8 {[%clk 0:00:35]} 36. hxg5 {[%clk
0:13:20]} hxg5 {[%clk 0:00:59]} 37. Rh1 {[%clk 0:10:54]} Kf7 {[%clk 0:01:16]}
38. Ra1 {[%clk 0:11:06]} Ke8 {[%clk 0:01:04]} 39. Rh1 {[%clk 0:11:22]} Kf7
{[%clk 0:01:18]} 40. Ra1 {[%clk 0:11:44]} Ra7 {[%clk 0:00:49]} 41. Kf2 {[%clk
0:11:45]} Ke8 {[%clk 0:01:07]} 42. Ke3 {[%clk 0:08:54]} Kd7 {[%clk 0:27:45]}
43. Rh1 {[%clk 0:33:13]} Rxa6 {[%clk 0:27:51]} 44. Rh5 {[%clk 0:32:31]} Ra3+
{[%clk 0:25:35]} 45. Ke2 {[%clk 0:32:14]} Ra2+ {[%clk 0:16:46]} 46. Kd3 {[%clk
0:29:14]} Rf2 {[%clk 0:06:56]} 47. Ke3 {[%clk 0:28:40]} Rb2 {[%clk 0:06:52]}
48. Rxg5 {[%clk 0:11:18]} c4 {[%clk 0:07:06]} 49. Rh5 {[%clk 0:11:38]} c3
{[%clk 0:05:47]} 50. Rh1 {[%clk 0:11:20]} Rb3 {[%clk 0:03:44]} 51. Rc1 {[%clk
0:09:53]} c2+ {[%clk 0:03:35]} 52. Kf2 {[%clk 0:09:50]} Rc3 {[%clk 0:01:58]}
53. Kg3 {[%clk 0:09:17]} e6 {[%clk 0:01:37]} 54. dxe6+ {[%clk 0:04:14]} Kxe6
{[%clk 0:01:59]} 55. g5 {[%clk 0:04:34]} d5 {[%clk 0:00:50]} 56. exd5+ {[%clk
0:04:50]} Kxd5 {[%clk 0:01:13]} 57. Kf2 {[%clk 0:05:08]} Kc4 {[%clk 0:00:51]}
58. Ke2 {[%clk 0:03:59]} Kb3 {[%clk 0:01:00]} 59. g6 {[%clk 0:02:53]} Kb2
{[%clk 0:00:39]} 60. Rxc2+ {[%clk 0:01:58]} Kxc2 {[%clk 0:00:57]} 61. g7 {[%clk
0:02:21]} Rc8 {[%clk 0:01:11]} 62. Ke3 {[%clk 0:02:31]} Kc3 {[%clk 0:01:10]}
63. Ke4 {[%clk 0:02:47]} Re8 {[%clk 0:01:24]} 64. g8=Q {[%clk 0:02:13]} Rxg8
{[%clk 0:01:46]} 65. Kxe5 {[%clk 0:02:40]} Kc4 {[%clk 0:00:39]} 66. f4 {[%clk
0:02:42]} Kc5 {[%clk 0:00:37]} 67. Ke6 {[%clk 0:02:37]} Kc6 {[%clk 0:00:44]}
68. f5 {[%clk 0:02:23]} Re8+ {[%clk 0:01:01]} 69. Kf7 {[%clk 0:02:37]} Kd7
{[%clk 0:01:26]} 70. f6 {[%clk 0:02:54]} Ra8 {[%clk 0:00:59]} 71. Kg6 {[%clk
0:02:35]} Ke6 {[%clk 0:01:21]} 72. Kg7 {[%clk 0:02:54]} Rb8 {[%clk 0:01:43]}
73. Kg6 {[%clk 0:02:39]} Rf8 {[%clk 0:02:07]} 0-1

[Event "Deutsche Ländermeisterschaft 2021"]
[Site "Neumünster GER"]
[Date "2021.10.05"]
[Round "6"]
[White "Sickmann, Lisa"]
[Black "Oellrich, Emma"]
[Result "1-0"]
[Termination "normal"]
[Board "4.8"]
[WhiteElo "1531"]
[BlackElo "1487"]
[WhiteClock "01:05:25"]
[BlackClock "00:23:25"]
[WhiteTeam "Schleswig-Holstein"]
[BlackTeam "Niedersachsen"]
[PlyCount "79"]
[WhiteFideId "16267818"]
[BlackFideId "16268806"]
[EventCountry "GER"]
[EventRounds "7"]
[EventType "team-swiss"]
[EventDate "2021.10.01"]

1. e4 {[%clk 1:30:56]} e6 {[%clk 1:30:50]} 2. d4 {[%clk 1:31:13]} d5 {[%clk
1:31:15]} 3. Bd3 {[%clk 1:31:39]} dxe4 {[%clk 1:31:19]} 4. Bxe4 {[%clk
1:32:02]} Nf6 {[%clk 1:31:33]} 5. Bf3 {[%clk 1:32:24]} c5 {[%clk 1:29:14]} 6.
Ne2 {[%clk 1:32:43]} cxd4 {[%clk 1:28:21]} 7. Qxd4 {[%clk 1:27:39]} Qxd4 {[%clk
1:27:44]} 8. Nxd4 {[%clk 1:27:59]} Bc5 {[%clk 1:28:04]} 9. Nb3 {[%clk 1:28:13]}
Bb6 {[%clk 1:27:44]} 10. O-O {[%clk 1:28:08]} O-O {[%clk 1:27:35]} 11. Nc3
{[%clk 1:26:12]} Nbd7 {[%clk 1:26:03]} 12. Bf4 {[%clk 1:09:50]} Re8 {[%clk
1:14:02]} 13. Bd6 {[%clk 1:07:40]} e5 {[%clk 1:06:30]} 14. Rfe1 {[%clk
1:07:49]} Re6 {[%clk 1:06:53]} 15. Rad1 {[%clk 1:07:54]} a6 {[%clk 1:06:32]}
16. a4 {[%clk 1:07:18]} Ne8 {[%clk 0:48:58]} 17. Ba3 {[%clk 1:06:45]} Ndf6
{[%clk 0:43:50]} 18. a5 {[%clk 1:05:03]} Ba7 {[%clk 0:36:23]} 19. Rd8 {[%clk
1:04:03]} Rb8 {[%clk 0:29:22]} 20. Nd5 {[%clk 1:02:28]} Bd7 {[%clk 0:29:27]}
21. Nxf6+ {[%clk 1:02:15]} Rxf6 {[%clk 0:29:29]} 22. Rxd7 {[%clk 1:02:35]} Rf5
{[%clk 0:28:56]} 23. Bc5 {[%clk 1:02:15]} e4 {[%clk 0:23:10]} 24. Bxa7 {[%clk
1:02:21]} Ra8 {[%clk 0:23:34]} 25. Bxe4 {[%clk 1:02:22]} Re5 {[%clk 0:23:57]}
26. Bd4 {[%clk 1:02:09]} Nf6 {[%clk 0:22:48]} 27. Bxe5 {[%clk 1:02:31]} Nxd7
{[%clk 0:23:14]} 28. Bxb7 {[%clk 1:02:37]} Re8 {[%clk 0:23:38]} 29. Bc3 {[%clk
1:03:04]} Rb8 {[%clk 0:22:34]} 30. Bc6 {[%clk 1:03:03]} Nf8 {[%clk 0:22:33]}
31. Re8 {[%clk 1:03:23]} Rxe8 {[%clk 0:22:38]} 32. Bxe8 {[%clk 1:03:48]} Ne6
{[%clk 0:23:03]} 33. Bd7 {[%clk 1:04:03]} Nc7 {[%clk 0:22:49]} 34. Nc5 {[%clk
1:04:19]} Kf8 {[%clk 0:22:46]} 35. Bc8 {[%clk 1:04:43]} Ke7 {[%clk 0:23:05]}
36. Nxa6 {[%clk 1:05:09]} Ne8 {[%clk 0:23:11]} 37. Nc5 {[%clk 1:05:16]} Kd6
{[%clk 0:23:24]} 38. b4 {[%clk 1:05:34]} Nc7 {[%clk 0:23:19]} 39. a6 {[%clk
1:05:37]} Kc6 {[%clk 0:23:25]} 40. Be5 {[%clk 1:05:25]} 1-0

[Event "Deutsche Ländermeisterschaft 2021"]
[Site "Neumünster GER"]
[Date "2021.10.05"]
[Round "6"]
[White "Weishäutel, Moritz"]
[Black "Holinka, Henning"]
[Result "0-1"]
[Termination "normal"]
[Board "5.1"]
[WhiteElo "2248"]
[BlackElo "2244"]
[WhiteClock "00:16:59"]
[BlackClock "00:02:32"]
[WhiteTeam "Thüringen"]
[BlackTeam "Hamburg"]
[PlyCount "50"]
[WhiteFideId "12967300"]
[BlackFideId "12967084"]
[EventCountry "GER"]
[EventRounds "7"]
[EventType "team-swiss"]
[EventDate "2021.10.01"]

1. e4 {[%clk 1:30:58]} c5 {[%clk 1:30:51]} 2. b4 {[%clk 1:30:41]} cxb4 {[%clk
1:25:43]} 3. a3 {[%clk 1:31:01]} bxa3 {[%clk 1:14:02]} 4. d4 {[%clk 1:31:19]}
d5 {[%clk 1:11:24]} 5. exd5 {[%clk 1:30:47]} Nf6 {[%clk 1:09:08]} 6. c4 {[%clk
1:26:32]} e6 {[%clk 1:00:09]} 7. dxe6 {[%clk 1:26:12]} Bb4+ {[%clk 0:55:55]} 8.
Bd2 {[%clk 1:11:38]} Qxd4 {[%clk 0:50:57]} 9. Bxb4 {[%clk 1:11:51]} Qxa1 {[%clk
0:49:57]} 10. Bxa3 {[%clk 1:12:15]} Bxe6 {[%clk 0:48:56]} 11. Nf3 {[%clk
1:12:02]} Qa2 {[%clk 0:31:54]} 12. Be2 {[%clk 0:52:32]} Nbd7 {[%clk 0:30:07]}
13. O-O {[%clk 0:52:14]} O-O-O {[%clk 0:29:14]} 14. Be7 {[%clk 0:50:40]} Rde8
{[%clk 0:22:44]} 15. Bd6 {[%clk 0:50:38]} Ne4 {[%clk 0:22:11]} 16. Bf4 {[%clk
0:48:17]} Ndc5 {[%clk 0:21:04]} 17. Nfd2 {[%clk 0:39:50]} Rd8 {[%clk 0:17:41]}
18. Bf3 {[%clk 0:36:54]} Nxd2 {[%clk 0:16:39]} 19. Nxd2 {[%clk 0:37:02]} Rd4
{[%clk 0:15:57]} 20. Be3 {[%clk 0:35:57]} Rhd8 {[%clk 0:13:14]} 21. Qc1 {[%clk
0:35:51]} Rxd2 {[%clk 0:11:48]} 22. Bxc5 {[%clk 0:36:15]} Qxc4 {[%clk 0:09:53]}
23. Bxa7 {[%clk 0:27:59]} Rc2 {[%clk 0:03:22]} 24. Qe3 {[%clk 0:20:11]} Rc3
{[%clk 0:03:15]} 25. Qb6 {[%clk 0:16:59]} Qxf1+ {[%clk 0:02:32]} 0-1

[Event "Deutsche Ländermeisterschaft 2021"]
[Site "Neumünster GER"]
[Date "2021.10.05"]
[Round "6"]
[White "Weihrauch, Jakob"]
[Black "Müller, Magnus"]
[Result "0-1"]
[Termination "normal"]
[Board "5.2"]
[WhiteElo "2114"]
[BlackElo "2047"]
[WhiteClock "00:23:15"]
[BlackClock "00:41:05"]
[WhiteTeam "Hamburg"]
[BlackTeam "Thüringen"]
[PlyCount "106"]
[WhiteFideId "16210115"]
[BlackFideId "16230060"]
[EventCountry "GER"]
[EventRounds "7"]
[EventType "team-swiss"]
[EventDate "2021.10.01"]

1. e4 {[%clk 1:30:58]} c5 {[%clk 1:30:51]} 2. Nf3 {[%clk 1:31:22]} Nc6 {[%clk
1:31:15]} 3. d4 {[%clk 1:31:46]} cxd4 {[%clk 1:31:40]} 4. Nxd4 {[%clk 1:32:10]}
Nf6 {[%clk 1:32:04]} 5. Nc3 {[%clk 1:32:33]} e5 {[%clk 1:32:30]} 6. Ndb5 {[%clk
1:32:58]} d6 {[%clk 1:32:54]} 7. Bg5 {[%clk 1:33:22]} a6 {[%clk 1:33:19]} 8.
Na3 {[%clk 1:33:47]} b5 {[%clk 1:33:43]} 9. Nd5 {[%clk 1:34:12]} Be7 {[%clk
1:34:09]} 10. Bxf6 {[%clk 1:34:36]} Bxf6 {[%clk 1:34:36]} 11. c4 {[%clk
1:34:59]} b4 {[%clk 1:35:02]} 12. Nc2 {[%clk 1:35:24]} O-O {[%clk 1:35:27]} 13.
Qf3 {[%clk 1:33:25]} Bh4 {[%clk 1:35:49]} 14. g3 {[%clk 1:33:25]} Qa5 {[%clk
1:36:13]} 15. b3 {[%clk 1:24:51]} Bd8 {[%clk 1:36:37]} 16. Bg2 {[%clk 1:22:58]}
Bb6 {[%clk 1:36:59]} 17. Nxb6 {[%clk 1:20:35]} Qxb6 {[%clk 1:37:23]} 18. O-O
{[%clk 1:20:51]} Be6 {[%clk 1:37:47]} 19. Rfd1 {[%clk 1:18:51]} Qc5 {[%clk
1:29:05]} 20. Qd3 {[%clk 1:11:53]} Rad8 {[%clk 1:20:08]} 21. Ne3 {[%clk
1:01:43]} Nd4 {[%clk 1:19:11]} 22. Nc2 {[%clk 0:57:04]} Nc6 {[%clk 1:19:33]}
23. a3 {[%clk 0:40:34]} bxa3 {[%clk 1:11:07]} 24. Rxa3 {[%clk 0:40:32]} a5
{[%clk 1:09:21]} 25. Rda1 {[%clk 0:38:21]} Rb8 {[%clk 1:07:45]} 26. Ra4 {[%clk
0:25:53]} Rb6 {[%clk 1:06:19]} 27. Bf3 {[%clk 0:23:18]} Rfb8 {[%clk 1:04:47]}
28. Rb1 {[%clk 0:20:15]} g6 {[%clk 1:03:18]} 29. h4 {[%clk 0:11:43]} Nb4 {[%clk
0:41:09]} 30. Qd2 {[%clk 0:09:30]} Nxc2 {[%clk 0:39:48]} 31. Qxc2 {[%clk
0:09:59]} Rb4 {[%clk 0:39:59]} 32. Be2 {[%clk 0:06:02]} Rxa4 33. bxa4 Rxb1+
{[%clk 0:33:44]} 34. Qxb1 {[%clk 0:07:00]} Bxc4 {[%clk 0:33:36]} 35. Qb8+
{[%clk 0:07:21]} Kg7 {[%clk 0:34:01]} 36. Bxc4 {[%clk 0:06:11]} Qxc4 {[%clk
0:34:27]} 37. Qxd6 {[%clk 0:04:58]} Qxe4 {[%clk 0:34:43]} 38. Qc5 {[%clk
0:04:38]} Qe1+ {[%clk 0:33:55]} 39. Kg2 {[%clk 0:04:47]} h5 {[%clk 0:34:15]}
40. Kh2 {[%clk 0:02:09]} Qe2 {[%clk 0:31:07]} 41. Kg2 {[%clk 0:29:35]} Qe4+
{[%clk 1:00:28]} 42. Kh2 {[%clk 0:29:58]} Qxa4 {[%clk 1:00:44]} 43. Qxe5+
{[%clk 0:30:24]} Kg8 {[%clk 1:00:53]} 44. f3 {[%clk 0:25:55]} Qa2+ {[%clk
1:00:58]} 45. Kg1 {[%clk 0:26:20]} a4 {[%clk 1:01:18]} 46. g4 {[%clk 0:26:27]}
a3 {[%clk 0:58:38]} 47. Qe8+ {[%clk 0:26:48]} Kg7 {[%clk 0:56:29]} 48. gxh5
{[%clk 0:27:01]} Qb1+ {[%clk 0:56:11]} 49. Kg2 {[%clk 0:27:22]} Qb2+ {[%clk
0:55:58]} 50. Kg3 {[%clk 0:26:41]} gxh5 {[%clk 0:41:40]} 51. Qe7 {[%clk
0:27:04]} a2 {[%clk 0:41:28]} 52. Qg5+ {[%clk 0:25:13]} Kh7 {[%clk 0:40:41]}
53. Qf5+ {[%clk 0:23:15]} Kg8 {[%clk 0:41:05]} 0-1

[Event "Deutsche Ländermeisterschaft 2021"]
[Site "Neumünster GER"]
[Date "2021.10.05"]
[Round "6"]
[White "Reucker, Friedrich"]
[Black "Popist, Florian"]
[Result "1/2-1/2"]
[Termination "normal"]
[Board "5.3"]
[WhiteElo "2031"]
[BlackElo "2124"]
[WhiteClock "00:05:06"]
[BlackClock "00:14:31"]
[WhiteTeam "Thüringen"]
[BlackTeam "Hamburg"]
[PlyCount "53"]
[WhiteFideId "12993670"]
[BlackFideId "16203518"]
[EventCountry "GER"]
[EventRounds "7"]
[EventType "team-swiss"]
[EventDate "2021.10.01"]

1. d4 {[%clk 1:30:56]} d5 {[%clk 1:30:48]} 2. c4 {[%clk 1:31:11]} e6 {[%clk
1:31:09]} 3. Nc3 {[%clk 1:31:36]} Be7 {[%clk 1:31:27]} 4. cxd5 {[%clk 1:31:28]}
exd5 {[%clk 1:31:49]} 5. Bf4 {[%clk 1:31:52]} c6 {[%clk 1:32:12]} 6. e3 {[%clk
1:32:00]} Bf5 {[%clk 1:31:35]} 7. g4 {[%clk 1:32:00]} Be6 8. h4 {[%clk
1:29:14]} Nd7 {[%clk 1:32:18]} 9. g5 {[%clk 1:24:11]} h6 {[%clk 1:30:03]} 10.
g6 {[%clk 1:24:50]} Ngf6 {[%clk 1:21:45]} 11. gxf7+ {[%clk 1:24:28]} Bxf7
{[%clk 1:03:59]} 12. Bd3 c5 13. Qf3 {[%clk 1:07:13]} Qb6 {[%clk 0:59:42]} 14.
Nge2 c4 {[%clk 0:46:28]} 15. Bf5 {[%clk 1:06:17]} Be6 {[%clk 0:46:38]} 16. Bxe6
{[%clk 1:01:40]} Qxe6 {[%clk 0:47:00]} 17. Nb5 {[%clk 1:02:02]} O-O {[%clk
0:45:58]} 18. Nc7 {[%clk 0:53:23]} Qf5 {[%clk 0:42:11]} 19. O-O-O {[%clk
0:43:11]} Rac8 {[%clk 0:39:07]} 20. Ng3 {[%clk 0:40:43]} Qg6 {[%clk 0:31:46]}
21. Nxd5 {[%clk 0:34:53]} Nxd5 {[%clk 0:23:42]} 22. Qxd5+ {[%clk 0:35:16]} Qf7
{[%clk 0:24:08]} 23. Qxf7+ {[%clk 0:33:38]} Rxf7 {[%clk 0:24:26]} 24. h5 {[%clk
0:22:50]} Nb6 {[%clk 0:24:28]} 25. Ne2 {[%clk 0:16:58]} Nd5 {[%clk 0:21:35]}
26. Bg3 {[%clk 0:07:41]} b5 {[%clk 0:14:31]} 27. Nf4 {[%clk 0:05:06]} 1/2-1/2